000 00914nam a2200253 a 4500
001 BRCA_8086
005 20190320210126.0
008 040414s1896----fr-a###f##---#000-0#fre-#
041 _afre
044 _afr
050 4 _aN8675
_b.C69
_c1896
245 1 0 _aCollection de M. D... de G...
_bpremière vente objets d´art et riche ameublement.
260 _aParis
_bImprimeria de l´art
_c1896
300 _a2 v. (paginación variada)
_bil.
_c40 cm.
500 _aY119
500 _aDos tomos inventariados como un sólo libro
500 _aMaterial inventariado por el Banco de México
505 0 _aV.1 Première vente objets d´art et riche ameublement.-- V.2 Deuxième vente tableau anciens et modernes
650 1 4 _aMuebles y tapices
_vSubastas
_920107
650 1 4 _aObjetos de arte
_vCatálogos
_911735
650 1 4 _aObjetos de arte
_vColeccionistas y colecciones
_919093
902 _aGFM
942 _2lcc
_cB
999 _c7754
_d7754